Statistics for Which City in Europe? - Multiple Choice

Click here to take the quiz!

General Stats

  • This quiz has been taken 277 times
  • The average score is 9 of 15

Answer Stats

QuestionAnswer% Correct
Home to OktoberfestMunich
91%
Where the Mona Lisa is displayedParis
89%
Home to Anne Frank's World War II hidden homeAmsterdam
87%
Is not on a lakeBern
77%
Lies furthest westDublin
68%
Which city is closest to another capital city?Bratislava
62%
Home to Topkapı Palaceİstanbul
62%
Main city on SardiniaCagliari
60%
You spend euros thereTallinn
55%
The capital and largest city of RhodesRhodes
52%
Furthest northern city?Stockholm
50%
Most recently hosted a Winter Olympic gamesTurin
49%
Has the biggest urban area populationMilan
48%
Largest city on the Canary IslandsSanta Cruz de Tenerife
46%
Birthplace of Gustave EiffelDijon
17%

Score Distribution

Percentile by Number Answered

Percent of People with Each Score

Your Score History

You have not taken this quiz